| 000 -LEADER |
| fixed length control field |
02196cam a2200397 a 4500 |
| 001 - CONTROL NUMBER |
| control field |
15038976 |
| 003 - CONTROL NUMBER IDENTIFIER |
| control field |
Nust |
| 005 - DATE AND TIME OF LATEST TRANSACTION |
| control field |
20180607044833.0 |
| 008 - FIXED-LENGTH DATA ELEMENTS--GENERAL INFORMATION |
| fixed length control field |
071010t20082005nyu 000 1 eng |
| 010 ## - LIBRARY OF CONGRESS CONTROL NUMBER |
| LC control number |
2007042118 |
| 020 ## - INTERNATIONAL STANDARD BOOK NUMBER |
| International Standard Book Number |
9780743259200 |
| Terms of availability |
Rs. 580 |
| 035 ## - SYSTEM CONTROL NUMBER |
| System control number |
(OCoLC)ocn174501478 |
| 035 ## - SYSTEM CONTROL NUMBER |
| System control number |
(OCoLC)174501478 |
| 038 ## - RECORD CONTENT LICENSOR |
| Staff Name |
Arshad |
| 040 ## - CATALOGING SOURCE |
| Original cataloging agency |
DLC |
| Transcribing agency |
DLC |
| Modifying agency |
IG# |
| -- |
WAU |
| -- |
BAKER |
| -- |
YDXCP |
| -- |
BTCTA |
| -- |
ABG |
| -- |
DLC |
| 043 ## - GEOGRAPHIC AREA CODE |
| Geographic area code |
a-ii--- |
| 050 00 - LIBRARY OF CONGRESS CALL NUMBER |
| Classification number |
PR9499.4.S56 |
| Item number |
A55 2008 |
| 082 00 - DEWEY DECIMAL CLASSIFICATION NUMBER |
| Classification number |
823.92 |
| Author Mark |
SIN |
| 100 1# - MAIN ENTRY--PERSONAL NAME |
| Personal name |
Sinha, Indra. |
| 9 (RLIN) |
11079 |
| 245 10 - TITLE STATEMENT |
| Title |
Animal's people / |
| Statement of responsibility, etc. |
Indra Sinha. |
| 250 ## - EDITION STATEMENT |
| Edition statement |
1st Simon & Schuster hardcover ed. |
| 260 ## - PUBLICATION, DISTRIBUTION, ETC. |
| Place of publication, distribution, etc. |
New York : |
| Name of publisher, distributor, etc. |
Simon & Schuster, |
| Date of publication, distribution, etc. |
2008. |
| 300 ## - PHYSICAL DESCRIPTION |
| Extent |
374 p. ; |
| Dimensions |
25 cm. |
| 520 ## - SUMMARY, ETC. |
| Summary, etc. |
Ever since That Night, the residents of Khaufpur have lived a perilous existence. Their world is poisoned. Nobody has received compensation or help for the chemical leak, least of all Animal, as he is known, whose spine twisted at a young age, leaving him to walk on all fours. Though he inhabits a dark kind of half-life, he knows what love is. He has long harboured feelings for his friend Nisha but since she is enamoured of his friend Zafar he cannot even allow himself to hope. When Elli Barber arrives, an "Amrikan" keen to set up a free clinic to help the victims of the disaster, deep suspicion arises amongst the community. Animal resolves to turn the situation to his advantage and starts to investigate Elli's motives. |
| 650 #0 - SUBJECT ADDED ENTRY--TOPICAL TERM |
| Topical term or geographic name entry element |
Bhopal Union Carbide Plant Disaster, Bhopal, India, 1984 |
| Form subdivision |
Fiction. |
| 9 (RLIN) |
11080 |
| 650 #0 - SUBJECT ADDED ENTRY--TOPICAL TERM |
| Topical term or geographic name entry element |
Accident victims |
| Form subdivision |
Fiction. |
| 9 (RLIN) |
11081 |
| 650 #0 - SUBJECT ADDED ENTRY--TOPICAL TERM |
| Topical term or geographic name entry element |
Slums |
| Geographic subdivision |
India |
| Form subdivision |
Fiction. |
| 9 (RLIN) |
11082 |
| 650 #0 - SUBJECT ADDED ENTRY--TOPICAL TERM |
| Topical term or geographic name entry element |
Americans |
| Geographic subdivision |
India |
| Form subdivision |
Fiction. |
| 9 (RLIN) |
11083 |
| 651 #0 - SUBJECT ADDED ENTRY--GEOGRAPHIC NAME |
| Geographic name |
India |
| General subdivision |
Social conditions |
| Chronological subdivision |
20th century |
| Form subdivision |
Fiction. |
| 9 (RLIN) |
11084 |
| 655 #7 - INDEX TERM--GENRE/FORM |
| Genre/form data or focus term |
Humorous fiction. |
| Source of term |
gsafd |
| 9 (RLIN) |
7683 |
| 856 42 - ELECTRONIC LOCATION AND ACCESS |
| Materials specified |
Publisher description |
| Uniform Resource Identifier |
<a href="http://www.loc.gov/catdir/enhancements/fy0827/2007042118-d.html">http://www.loc.gov/catdir/enhancements/fy0827/2007042118-d.html</a> |
| 856 41 - ELECTRONIC LOCATION AND ACCESS |
| Materials specified |
Sample text |
| Uniform Resource Identifier |
<a href="http://www.loc.gov/catdir/enhancements/fy0827/2007042118-s.html">http://www.loc.gov/catdir/enhancements/fy0827/2007042118-s.html</a> |
| 906 ## - LOCAL DATA ELEMENT F, LDF (RLIN) |
| a |
7 |
| b |
cbc |
| c |
orignew |
| d |
1 |
| e |
ecip |
| f |
20 |
| g |
y-gencatlg |
| 942 ## - ADDED ENTRY ELEMENTS (KOHA) |
| Source of classification or shelving scheme |
|
| Koha item type |
Book |